Σώματα κειμένων και μετάφραση : θεωρία και εφαρμογές

Saved in:
Bibliographic Details
Main Author: Σαριδάκης, Ιωάννης Ε.
Format: Book
Language:Greek
Published: Αθήνα : Παπαζήσης, 2010.
Series:Γλώσσα και πολιτισμός (Παπαζήσης)
Subjects:
Tags: Add Tag
No Tags, Be the first to tag this record!

MARC

LEADER 00000cam a2200000 i 4500
001 1/30113
008 130524s2010 gr | ||| |||| ||gre||
020 |a 9789600224542 
035 |l 10114501 
040 |a GR-MY-UA  |b gre  |e aacr 
041 0 |a gre 
082 7 |a 418.02   |2 (22) 
100 1 |a Σαριδάκης, Ιωάννης Ε. 
245 1 0 |a Σώματα κειμένων και μετάφραση :   |b θεωρία και εφαρμογές /   |c Ιωάννης Ε. Σαριδάκης.  
260 |a Αθήνα :   |b Παπαζήσης,   |c 2010. 
300 |a 355 σ. :   |b πίν., σχημ. ;   |c 24 εκ. 
490 1 |a (Γλώσσα και πολιτισμός / Παπαζήσης) 
504 |a Βιβλιογραφία: σ. [291]-325.  
504 |a Ευρετήριο: σ. [337]-355.  
650 0 0 |a Translating and interpreting. 
650 0 0 |a Translations. 
830 0 |a Γλώσσα και πολιτισμός (Παπαζήσης) 
852 |a INST  |b RHODES  |c EUDOXUS  |e 20130524  |h 418.02 ΣΑΡ  |p 005400035260  |q 005400035260  |t EDX  |y 0 
852 |a INST  |b RHODES  |c EUDOXUS  |e 20131030  |h 418.02 ΣΑΡ  |p 005400035762  |q 005400035762  |t EDX  |y 0 
852 |a INST  |b RHODES  |c EUDOXUS  |e 20210519  |h 418.02 ΣΑΡ  |p 005400042073  |q 005400042073  |t EDX  |y 0 
901 |a BIBL4-2013-2 
901 |a BIBL4-2013-3 
909 |a Ρ  |b 176789 
909 |a Ρ  |b 182275 
920 |a ΕΥΔΟΞΟΣ  |b ΠΑΡΑΓΓΕΛΙΑ  |y Ρόδος-ΤΜΣ  |z 2013-05 
920 |a ΕΥΔΟΞΟΣ  |b ΕΠΙΣΤΡΟΦΗ  |y Ρόδος  |z 2013-10 
920 |a Εύδοξος  |b Παραγγελία  |y Ρόδος-ΤΜΣ  |z 2021-05 
922 |a 4ΕΛΗ 
970 |z 2013/05/24